1495 1831 1800 1716 1108 1313 1846 1913 1929 1747 1367 1826 1904 1658 1944 1259 1823 1257 1837 1281 1121 1669 1289 1259 1071 1120 1271 1508 1713 1644 1618 1094 1994 1062 1324 1776 1939 1412 1026 1445 1679 1536 1512 1126 1208 1882 1673 1267 1327 1497 1674 1096 1717 1841 1181 1841 1853 1810 1419 1589 1706 1455 1446 1045 1052 1424 1815 1339 1029 1274 1466 1070 1490 1683 1816 1537 1743 1900 1714 1962 1487 1492 1906 1833 1010 1145 1221 1795 1095 1621 1750 1433 1150 1681 1277 1631 1027 1065 1955 BCNSPRNW ULIB Ver.6.0+V

เปลี่ยนเป็นภาษาไทย

Change to English
 แสดงรายละเอียดบรรณานุกรม
  กลับหน้าหลัก

Brief Record : Get Marc (ISO 2709) : E-mail record : QR code < ปิดหน้าต่าง
LEADER : 00000nam 2200000uu 4500
001    13399126135
003     ULIB
008    180612s2007||||th 000 0 tha d
020    ^a9780521544627
050 00 ^aPE1128^bC172^cV.4
245 10 ^aCambridge practice tests for IELTS 4
260    ^aCambridge :^bCambridge University Press,^c2007
300    ^a176 p.:^bill. ;^c25 cm.
650 00 ^aInternational English Language Testing System.
650 00 ^aEnglish language^xExaminations, questions, etc.
650 00 ^aEnglish language^xTextbooks for foreign speakers
945    ^p530^l0^i004231
999    ^aวรรณษา ชูชัยมงคล
รายการนี้ยังไม่มีแท็ก
คุณยังไม่ได้ล็อกอิน คุณสามารถมีกิจกรรมร่วมกับเว็บไซต์ได้ แต่ต้องล็อกอินก่อน ::
  ล็อกอิน

รายการสื่อสารสนเทศ

ลำดับที่ ประเภท เลขเรียก/บาร์โค้ด สถานที่ สถานะ
1. วิทยาศาสตร์การแพทย์ และสุขภาพ
หนังสือสำรอง
สถานะ=หนังสือสำรอง
PE1128 C172 V.4 ฉ.1 
  Barcode: 004231
ห้องสมุดวิทยาเขตสวรรค์ประชารักษ์
►หนังสือทั่วไป
บนชั้น

รายการใกล้เคียง
    ชื่อเรื่อง [Cambridge practice tests for IELTS 4]

    หัวเรื่อง [International English Language Testing System.]

BibComment


ยังไม่เคยถูกคอมเมนท์

คอมเมนท์ทรัพยากรรายการนี้
  คอมเมนท์: Cambridge practi..


 Copyright 2026. Bcnsprnw @Library